Tourist Attraction by Wikipedia Description - Statistics

General Stats
  • This quiz has been taken 26,766 times
    26,748 since last reset
  • The average score is 13 of 18
Answer Stats
Wikipedia Description Tourist Attraction % Correct
The copper statue was a gift from France to the United States Statue of Liberty
98%
It consists of a ring of standing stones, with each standing stone around 13 feet high Stonehenge
91%
Built to protect the Chinese states and empires against the raids and invasions of the various nomadic groups Great Wall of China
88%
When it opened to the public in 2000 it was the world's tallest Ferris wheel London Eye
88%
One of Japan's "Three Holy Mountains" Mount Fuji
84%
The oldest of the Seven Wonders of the Ancient World, and the only one to remain largely intact Great Pyramid of Giza
82%
The world's largest coral reef system Great Barrier Reef
81%
Also known as the Flavian Amphitheatre Colosseum
79%
A symbol of Christianity across the world, the statue has also become a cultural icon of both Rio de Janeiro and Brazil Christ the Redeemer
77%
Built in the classical Inca style, with polished dry-stone walls Machu Picchu
68%
It was envisioned after discussion about a suitable centrepiece for the proposed 1889 Exposition Universelle Eiffel Tower
66%
A large sandstone rock formation in central Australia Uluru
66%
An ivory-white marble mausoleum on the south bank of the Yamuna river Taj Mahal
61%
The former Chinese imperial palace from the Ming dynasty to the end of the Qing dynasty Forbidden City
57%
A large unfinished Roman Catholic church in Spain, designed by Catalan architect Antoni Gaudí Sagrada Família
55%
Hiking down to the river and back up to the rim in one day is discouraged by park officials Grand Canyon
53%
Soon after exiting the barrel, she said, "No one ought ever do that again." Niagara Falls
51%
The principal public square of Venice, Italy Piazza San Marco
42%
No matching quizzes found
Score Distribution
Percent of People with Each Score
Percentile by Number Answered
Your Score History
You have not taken this quiz since the last reset